00482nam a2200157 a 4500008004100000020001500041050001600056100001700072245007900089260003000168300001600198350000900214650001300223650003800236650005000274090116s2001 ||||||||||||||||| || u a0749433434 aLB 1027 And aAndrews, Kay10aExtra learning: new opportunities for the out of school hourscKay Andrews aLondon:bKogan Pagec2001 aviii, 264p. a0.00 0aLEARNING aSTUDENT ACTIVITIES--GREAT BRITAIN aACTIVITY PROGRAMS IN EDUCATION--GREAT BRITAIN